000 00760cam a2200289 4500
001 4057234
003 PILC
005 20160728143712.0
008 730208s1960 mau j 000 1 eng
010 _a 60005213
020 _a9780440220213
040 _aDLC
_cDLC
_dDLC
050 0 0 _aPZ 7
_b.Od237 1960
082 _aFIC
_bOd2i 1960
100 1 _aO'Dell, Scott,
_d1898-1989.
_94635
245 1 0 _aIsland of the blue dolphins /
_bScott O'Dell.
260 _aNew York :
_bHoughton Mifflin,
_cc1960.
300 _a184 p. :
_c20 cm.
562 _e1
650 _aFiction.
_9746
906 _a7
_bcbc
_corignew
_d3
_eocip
_f19
_gy-gencatlg
942 _2lcc
_cBK
942 _2lcc
_h
999 _c186
_d186